Paroles - cartier santos SDM - Statistiques

Statistiques générales
  • Ce quiz a été pris 122 fois
  • Le résultat moyen est 269 sur 451
Statistiques - réponses
Réponse % Correct
ça,
89%
ça
89%
Elle
89%
elle
89%
elle,
89%
Elle,
89%
"la
88%
la
88%
La
88%
88%
là,
88%
un
88%
à
84%
a
84%
de
84%
le
84%
une
84%
me
83%
Me
83%
sur
82%
sur ?"
82%
et
81%
m'a
81%
ma
81%
que
81%
Que
81%
"que
81%
du
78%
faudra
78%
Faudra
78%
sans
78%
bas
77%
pas
77%
pas,
77%
courage,
76%
en
76%
foi
76%
moi
76%
moi,
76%
moi"
76%
pour
76%
Pour
76%
qui
76%
des
75%
dés
75%
relation
75%
relation,
75%
dit
73%
on
73%
d'la
72%
rage
71%
rage,
71%
remplie
71%
alors
70%
batiment
70%
coeur
70%
mort,
70%
réseaux"
70%
son
70%
triste
70%
démarre
67%
genre
67%
vie
67%
cartier
66%
dans
66%
mien
66%
ptite
66%
bases
65%
criait
65%
santos"
65%
fait,
64%
fait
64%
"hourra"
64%
J'ai
64%
j'ai
64%
les
64%
mille
64%
si
64%
j'peux
63%
"j'peux
63%
quitté
63%
j'avais
61%
Mon
61%
mon
61%
rivaux
61%
seul,
61%
tout
61%
ville
61%
j'me
60%
quel
60%
"tu
60%
tu
60%
Tu
60%
cru
59%
j'étais
59%
mère,
59%
pourries
59%
ai
58%
cassé
58%
ces,
58%
longtemps
58%
t'surnomme
58%
v'la
58%
bébé,
57%
bébé
57%
bu"
57%
Connu
57%
l'numéro
57%
c'était
55%
d'ma
55%
être
55%
but
54%
précis
54%
ton
54%
c'est
53%
C'est
53%
dis
53%
qu'j'étais
53%
suis
53%
au
52%
plus
52%
remis
52%
santé"
52%
toi",
52%
Vivre
52%
vivre
52%
est ?
51%
est
51%
fe-meu
51%
51%
veut
51%
fuck
49%
j'lui
49%
J'lui
49%
j'm'en
49%
richesse,
49%
bout
48%
rêver
48%
souhaite
48%
"souhaite
48%
coco,
47%
meilleur,
47%
savait
47%
trois
47%
veux
47%
capable,
46%
m'parler,
46%
peu
46%
qu'elle
46%
tch',
46%
va
46%
vide
46%
Féfé'
45%
fin,
45%
ses
45%
tchop
45%
tous
45%
avec
43%
compte
43%
Eh
43%
film
43%
homme
43%
Même
43%
sérieux
43%
sous
43%
vit
43%
combler
42%
Dieu,
42%
Mais
42%
mecs
42%
mets
42%
monnaie
42%
veste,
42%
veste
42%
ci,
41%
connaitre ?
41%
j'y
41%
m'payes
41%
temps
41%
toute
41%
celui
40%
j'prends
40%
J'prends
40%
l'dossier
40%
passe,
40%
qu'on
40%
t'es
40%
bien,
39%
bonheur
39%
caché
39%
comment
39%
d'deux,
39%
déboule
39%
jour
39%
j't'ai
39%
l'orage
39%
point
39%
aimée
37%
attaché
37%
l'homme
37%
mettre
37%
t'en
37%
arrive
36%
collection
36%
d'chez
36%
huitième
36%
non,
36%
oh
36%
oui
36%
rendras
36%
semaine
36%
dernière
35%
entourage,
35%
façon
35%
(ocho)
35%
pourtant,
35%
s'trouvait
35%
voulait
35%
voulu
35%
l'début,
34%
l'soleil,
34%
prendre
34%
Quand
34%
quand
34%
qu'le
34%
sais
34%
vient
34%
nouvelle
33%
qu'mon
33%
réfléchi
33%
shit
33%
vite,
33%
c'que
31%
dire
31%
j'l'assimile
31%
one
31%
qu'l'argent
31%
bouche
30%
cerveau
30%
d'mon
30%
d'souci
30%
D'un
30%
fini,
30%
rêvait
30%
sépare
30%
coup
29%
"est-ce
29%
j'fais
29%
j'retourne
29%
qu'un
29%
sait
29%
soirée
29%
assez
28%
Courrèges
28%
jamais
27%
montes
27%
s'demande
27%
tatouage,
27%
d'toute
25%
juré
25%
navré,
25%
qu'tu
25%
répond
25%
seulement
25%
blase
24%
bloqué
24%
toucher
24%
pile-poil
23%
J'l'élimine
20%
j'vois
20%
vues,
19%
"dommage,
18%
j'suis
18%
plusieurs
18%
après
17%
bouges
16%
j'm'endors
16%
j'trouve
14%
dél',
13%
l'sommeil
12%
sang,
12%
res-ve
7%
vroum
4%
Aucun quiz correspondant
Distribution des résultats
% des personnes avec chaque résultat
Percentile par nombre de réponses
Votre historique - résultats
Vous n’avez pas pris ce quiz